| 000 | 00371nam a22001217a 4500 | ||
|---|---|---|---|
| 082 | _a220 PRO | ||
| 100 |
_aHUSSAIN,OMAR, _972008 |
||
| 245 | _aPR-SOF-1260-DEVELOPMENTOF 3 DEGREE OF FREEDOM PARALLEL MANIPULATOR | ||
| 260 |
_aISLAMABAD _bNUST COLLEGE OF EME _c2013 |
||
| 650 |
_aDE-MECH-31 _972009 |
||
| 700 |
_aSUPERVISOR DR AAMER A BAQAI, REHAN AHMED _972010 |
||
| 942 | _cCR | ||
| 999 |
_c578234 _d578234 |
||